000 01098nam a2200301Ia 4500
003 OSt
005 20221005110543.0
006 a|||||r|||| 00| 0
007 ta
008 221004b |||||||| |||| 00| 0 hin d
020 _a9788126330539 (hbk)
_cINR 80.00
024 _a37126
037 _bBW/1694, 15/03/2018, Bookwell
_cTextual
040 _aCRL
_cCRL
_bhin
041 _2hin
_ahin
082 _aO152,3N11,28, Q4
100 _aअज्ञेय, ले.
245 0 _aअपने अपने अजनबी
246 _aApane apane ajanabī
250 _aसंस्करण 24
260 _aनई दिल्ली
_bभारतीय ज्ञानपीठ भारत
_c2014
300 _a72पृ0
_ccm.
490 _aलोकोदय ग्रन्थमाला; ग्रन्थांक 143
650 _a हिन्दी साहित्य
650 _aहिन्दी कहानी
942 _hO152,3N11,28, Q4
_cTEXL
_2cc
999 _c1019183
_d1019183